| 000 | 00632cam a22002173a 4500 | ||
|---|---|---|---|
| 001 | 39665 | ||
| 003 | PGUSA | ||
| 005 | 20140828083900.0 | ||
| 008 | 120510s2012||||xxu|||||s|||||000 | eng d | ||
| 040 |
_aPGUSA _beng |
||
| 042 | _adc | ||
| 100 | 1 | _aSimson, Walter | |
| 245 | 1 | 2 |
_aA History of the Gipsies : _bwith Specimens of the Gipsy Language _h[electronic resource] / _cWalter Simson |
| 260 |
_bProject Gutenberg, _c2012 |
||
| 506 | _aPublic domain in the USA. | ||
| 516 | _aElectronic text | ||
| 700 | 1 | _aSimson, James | |
| 830 | 0 |
_aProject Gutenberg _v39665 |
|
| 856 | 4 | 0 | _uhttp://www.gutenberg.org/ebooks/39665 |
| 942 | _cEB | ||
| 999 |
_c268918 _d268918 |
||